| 000 | 01050pam a2200277 i 4500 | ||
|---|---|---|---|
| 005 | 20160106060053.0 | ||
| 008 | 850515s1987 wauabf rb 001 0 eng d | ||
| 020 | _a0874745535 (pbk.) | ||
| 040 |
_aDLC _cDLC _dCO-BoIAVH |
||
| 041 | _aeng | ||
| 044 | _axxu | ||
| 082 | 0 | 0 |
_a598.875 _bI82t |
| 100 | 1 | _aIsler, Morton L. | |
| 245 | 1 | 4 |
_aThe tanagers : _bnatural history, distribution, and identification / _cMorton L. Isler, and Phyllis R. Isler ; color plates by Morton L. Isler. |
| 260 |
_aWashington, D.C. : _bSmithsonian Institution Press, _cc1987. |
||
| 300 |
_a404 p., 32 leaves of plates : _bcol. ill., maps ; _c24 cm. |
||
| 500 | _aPlumage descriptions on verso of leaves of plates. | ||
| 500 | _aIncludes index. | ||
| 504 | _aBibliography: p. [374]-391. | ||
| 650 | 1 | 6 |
_aTangaras _xHábitos y conducta |
| 650 | 2 | 6 |
_aTangaras _xClasificación |
| 650 | 2 | 6 |
_aTangaras _xIdentificación |
| 650 | 2 | 6 |
_aTangaras _xDistribución geográfica. |
| 700 | 1 |
_aIsler, Phyllis R. _eautor |
|
| 942 |
_2ddc _cLIBRO |
||
| 999 |
_c3013 _d3013 |
||